<?xml version="1.0" encoding="UTF-8"?>
<record
    xmlns:xsi="http://www.w3.org/2001/XMLSchema-instance"
    xsi:schemaLocation="http://www.loc.gov/MARC21/slim http://www.loc.gov/standards/marcxml/schema/MARC21slim.xsd"
    xmlns="http://www.loc.gov/MARC21/slim">

  <leader>00765nam a22001577a 4500</leader>
  <controlfield tag="003">OSt</controlfield>
  <controlfield tag="005">20161128092146.0</controlfield>
  <controlfield tag="008">161128b        xxu||||| |||| 00| 0 eng d</controlfield>
  <datafield tag="040" ind1=" " ind2=" ">
    <subfield code="c">RUA</subfield>
  </datafield>
  <datafield tag="082" ind1=" " ind2=" ">
    <subfield code="a">AED SOT 2012 B539 Or.1</subfield>
  </datafield>
  <datafield tag="100" ind1=" " ind2=" ">
    <subfield code="9">11413</subfield>
    <subfield code="a">SOTH MORAKATH; &#x179F;&#x17BB;&#x178F; &#x1798;&#x179A;&#x1780;&#x178F;</subfield>
  </datafield>
  <datafield tag="245" ind1=" " ind2=" ">
    <subfield code="a">The study on rural livelihood on rice production in setor commune, ksach kandal district, kandal province, &#x1780;&#x17B6;&#x179A;&#x179F;&#x17B7;&#x1780;&#x17D2;&#x179F;&#x17B6;&#x1796;&#x17B7;&#x1780;&#x1798;&#x17D2;&#x179A;&#x17B7;&#x178F;&#x1787;&#x17B8;&#x179C;&#x1797;&#x17B6;&#x1796;&#x1794;&#x17D2;&#x179A;&#x1787;&#x17B6;&#x1787;&#x1793;&#x1793;&#x17C3;&#x1795;&#x179B;&#x17B7;&#x178F;&#x1780;&#x1798;&#x17D2;&#x1798;&#x178A;&#x17C6;&#x178E;&#x17B6;&#x17C6;&#x179F;&#x17D2;&#x179A;&#x17BC;&#x179C;&#x1793;&#x17C5;&#x1783;&#x17BB;&#x17C6;&#x179F;&#x17CA;&#x17B8;&#x1792;&#x179A; &#x179F;&#x17D2;&#x179A;&#x17BB;&#x1780;&#x1781;&#x17D2;&#x179F;&#x17B6;&#x1785;&#x17CB;&#x1780;&#x178E;&#x17D2;&#x178A;&#x17B6;&#x179B; &#x1781;&#x17C1;&#x178F;&#x17D2;&#x178F;&#x1780;&#x178E;&#x17D2;&#x178A;&#x17B6;&#x179B;</subfield>
  </datafield>
  <datafield tag="260" ind1=" " ind2=" ">
    <subfield code="a">Phnom Penh</subfield>
    <subfield code="b">SOT</subfield>
    <subfield code="c">2012</subfield>
  </datafield>
  <datafield tag="300" ind1=" " ind2=" ">
    <subfield code="a">viii,41p.</subfield>
    <subfield code="b">ill.</subfield>
    <subfield code="c">29cm.</subfield>
  </datafield>
  <datafield tag="942" ind1=" " ind2=" ">
    <subfield code="2">ddc</subfield>
    <subfield code="c">AED</subfield>
  </datafield>
  <datafield tag="999" ind1=" " ind2=" ">
    <subfield code="c">10970</subfield>
    <subfield code="d">10970</subfield>
  </datafield>
  <datafield tag="952" ind1=" " ind2=" ">
    <subfield code="0">0</subfield>
    <subfield code="1">0</subfield>
    <subfield code="2">ddc</subfield>
    <subfield code="4">0</subfield>
    <subfield code="6">AED_SOT_2012_000000000000000_B539_OR_1</subfield>
    <subfield code="7">0</subfield>
    <subfield code="9">57897</subfield>
    <subfield code="a">LBB</subfield>
    <subfield code="b">LBB</subfield>
    <subfield code="c">B539</subfield>
    <subfield code="d">2016-11-28</subfield>
    <subfield code="o">AED SOT 2012 B539 Or.1</subfield>
    <subfield code="p">A05141</subfield>
    <subfield code="r">2016-11-28</subfield>
    <subfield code="w">2016-11-28</subfield>
    <subfield code="y">AED</subfield>
  </datafield>
  <datafield tag="952" ind1=" " ind2=" ">
    <subfield code="0">0</subfield>
    <subfield code="1">0</subfield>
    <subfield code="2">ddc</subfield>
    <subfield code="4">0</subfield>
    <subfield code="6">AED_SOT_2012_000000000000000_B539_OR_2</subfield>
    <subfield code="7">0</subfield>
    <subfield code="9">57898</subfield>
    <subfield code="a">LBB</subfield>
    <subfield code="b">LBB</subfield>
    <subfield code="c">B539</subfield>
    <subfield code="d">2016-11-28</subfield>
    <subfield code="o">AED SOT 2012 B539 Or.2</subfield>
    <subfield code="p">A05289</subfield>
    <subfield code="r">2016-11-28</subfield>
    <subfield code="w">2016-11-28</subfield>
    <subfield code="y">AED</subfield>
  </datafield>
  <datafield tag="952" ind1=" " ind2=" ">
    <subfield code="0">0</subfield>
    <subfield code="1">0</subfield>
    <subfield code="2">ddc</subfield>
    <subfield code="4">0</subfield>
    <subfield code="6">AED_SOT_2012_000000000000000_B539_OR_3</subfield>
    <subfield code="7">0</subfield>
    <subfield code="9">57899</subfield>
    <subfield code="a">LBB</subfield>
    <subfield code="b">LBB</subfield>
    <subfield code="c">B539</subfield>
    <subfield code="d">2016-11-28</subfield>
    <subfield code="l">1</subfield>
    <subfield code="o">AED SOT 2012 B539 Or.3</subfield>
    <subfield code="p">A05214</subfield>
    <subfield code="q">2017-01-24</subfield>
    <subfield code="r">2016-12-19</subfield>
    <subfield code="s">2016-12-19</subfield>
    <subfield code="w">2016-11-28</subfield>
    <subfield code="y">AED</subfield>
  </datafield>
  <datafield tag="952" ind1=" " ind2=" ">
    <subfield code="0">0</subfield>
    <subfield code="1">0</subfield>
    <subfield code="2">ddc</subfield>
    <subfield code="4">0</subfield>
    <subfield code="6">AED_SOT_2012_000000000000000_B539_OR_4</subfield>
    <subfield code="7">0</subfield>
    <subfield code="9">57900</subfield>
    <subfield code="a">LBB</subfield>
    <subfield code="b">LBB</subfield>
    <subfield code="c">B539</subfield>
    <subfield code="d">2016-11-28</subfield>
    <subfield code="l">1</subfield>
    <subfield code="o">AED SOT 2012 B539 Or.4</subfield>
    <subfield code="p">A05139</subfield>
    <subfield code="r">2018-12-03</subfield>
    <subfield code="s">2018-11-20</subfield>
    <subfield code="w">2016-11-28</subfield>
    <subfield code="y">AED</subfield>
  </datafield>
  <datafield tag="952" ind1=" " ind2=" ">
    <subfield code="0">0</subfield>
    <subfield code="1">0</subfield>
    <subfield code="2">ddc</subfield>
    <subfield code="4">0</subfield>
    <subfield code="6">AED_SOT_2012_000000000000000_B539_OR_5</subfield>
    <subfield code="7">0</subfield>
    <subfield code="9">57901</subfield>
    <subfield code="a">LBB</subfield>
    <subfield code="b">LBB</subfield>
    <subfield code="c">B539</subfield>
    <subfield code="d">2016-11-28</subfield>
    <subfield code="o">AED SOT 2012 B539 Or.5</subfield>
    <subfield code="p">A05064</subfield>
    <subfield code="r">2016-11-28</subfield>
    <subfield code="w">2016-11-28</subfield>
    <subfield code="y">AED</subfield>
  </datafield>
  <datafield tag="952" ind1=" " ind2=" ">
    <subfield code="0">0</subfield>
    <subfield code="1">0</subfield>
    <subfield code="2">ddc</subfield>
    <subfield code="4">0</subfield>
    <subfield code="6">AED_SOT_2012_000000000000000_B539_OR_6</subfield>
    <subfield code="7">0</subfield>
    <subfield code="9">57902</subfield>
    <subfield code="a">LBB</subfield>
    <subfield code="b">LBB</subfield>
    <subfield code="c">B539</subfield>
    <subfield code="d">2016-11-28</subfield>
    <subfield code="l">1</subfield>
    <subfield code="o">AED SOT 2012 B539 Or.6</subfield>
    <subfield code="p">A04914</subfield>
    <subfield code="r">2019-12-11</subfield>
    <subfield code="s">2019-12-09</subfield>
    <subfield code="w">2016-11-28</subfield>
    <subfield code="y">AED</subfield>
  </datafield>
  <datafield tag="952" ind1=" " ind2=" ">
    <subfield code="0">0</subfield>
    <subfield code="1">0</subfield>
    <subfield code="2">ddc</subfield>
    <subfield code="4">0</subfield>
    <subfield code="6">AED_SOT_2012_000000000000000_B539_OR_7</subfield>
    <subfield code="7">0</subfield>
    <subfield code="9">57903</subfield>
    <subfield code="a">LBB</subfield>
    <subfield code="b">LBB</subfield>
    <subfield code="c">B539</subfield>
    <subfield code="d">2016-11-28</subfield>
    <subfield code="o">AED SOT 2012 B539 Or.7</subfield>
    <subfield code="p">A04989</subfield>
    <subfield code="r">2016-11-28</subfield>
    <subfield code="w">2016-11-28</subfield>
    <subfield code="y">AED</subfield>
  </datafield>
  <datafield tag="952" ind1=" " ind2=" ">
    <subfield code="0">0</subfield>
    <subfield code="1">0</subfield>
    <subfield code="2">ddc</subfield>
    <subfield code="4">0</subfield>
    <subfield code="6">AED_SOT_2012_000000000000000_B539_OR_8</subfield>
    <subfield code="7">0</subfield>
    <subfield code="9">57904</subfield>
    <subfield code="a">LBB</subfield>
    <subfield code="b">LBB</subfield>
    <subfield code="c">B539</subfield>
    <subfield code="d">2016-11-28</subfield>
    <subfield code="o">AED SOT 2012 B539 Or.8</subfield>
    <subfield code="p">A05209</subfield>
    <subfield code="r">2016-11-28</subfield>
    <subfield code="w">2016-11-28</subfield>
    <subfield code="y">AED</subfield>
  </datafield>
</record>
